Manchester City players in FUT 19 - Statistics

General Stats
  • This quiz has been taken 127 times
  • The average score is 22 of 36
Answer Stats
Rating Position Nation Answer % Correct
91 CAM Belgium Kevin de Bruyne
99%
89 ST Argentina Sergio Agüero
99%
87/85 RW England Raheem Sterling
97%
84 RW Portugal Bernardo Silva
95%
89 CAM Spain David Silva
95%
86 GK Brazil Ederson
95%
87/86 CDM Brazil Fernandinho
95%
84 RB England Kyle Walker
95%
85 RW Algeria Riyadh Mahrez
95%
85 CB Belgium Vincent Kompany
95%
82 CB England John Stones
94%
86 LW Germany Leroy Sané
94%
83 ST Brazil Gabriel Jesus
93%
84 CM Germany Ilkay Gündogan
92%
86 CB Argentina Nicolás Otamendi
91%
84/83 CB France Aymerick Laporte
90%
81 LB France Benjamin Mendy
85%
79 GK Chile Claudio Bravo
84%
73 CAM England Phil Foden
76%
71 LB Ukraine Oleksandr Zinchenko
75%
79 RB Brazil Danilo
74%
80 LB England Fabian Delph
57%
77 CB France Eliaquim Mangala
56%
69 LW Spain Brahim Díaz
41%
61/61 GK Montenegro/Kosovo Arijanet Muric
32%
73 CM Brazil Douglas Luiz
25%
62 CB Spain Eric García
23%
69 CB Netherlands Philippe Sandler
17%
54 GK England Daniel Grimshaw
15%
66 CDM France Claudio Gomes
10%
68 CDM Venezuela Yangel Herrera
9%
62 CB England Cameron Humphreys-Grant
4%
61 RM England Luke Bolton
2%
65 CM Australia Anthony Caceres
1%
64 CM Nigeria Chidiebere Nwakali
1%
65 RM Mexico Uriel Antuna
1%
No matching quizzes found
Score Distribution
Percent of People with Each Score
Percentile by Number Answered
Your Score History
You have not taken this quiz